000 00881nas a2200277 4500
001 BR7312195
003 BR-BrBNA
005 20231205082723.0
007 ta
008 230509b bl.|||p| |||| 00| 00por d
040 _aBR-BrBNA
_bpor
_cBiblioteca Nacional de Agricultura
041 _a(Pt)
072 _aE16; E10
100 1 _aPellegrini, L.M.
100 1 _aNeves, E.M.
100 1 _aNoronha, H.F. de
100 1 _aAmaral, G. do
245 1 _aAnalise economica dos recursos utilizados na producao de arroz irrigado, no Vale do Paraiba, Estado de Sao Paulo, 1969/70 [Brasil]
650 _aANALISE ECONOMICA
650 _aARROZ IRRIGADO
650 _aSAO PAULO
650 _aARROZ SEQUEIRO
773 0 _tAgricultura em Sao Paulo (Brazil)
_xISSN 0044-6793
_g(1973), v. 20(1-2) p. 185-209
_wBR7312195
909 _a202311
_bLúcia
_c55
_dLúcia Elande
942 _2AGRIS
_n0
_cANA
999 _c93834
_d93834